ბათუმის შოთა რუსთაველის სახელმწიფო უნივერსიტეტის ბიბლიოთეკა

Растворители для лакокрасочных материалов. (ბიბ.ჩანაწერი № 38243)

000 -LEADER
fixed length control field 00738nam a2200229Ia 4500
001 - CONTROL NUMBER
control field 4233
003 - CONTROL NUMBER IDENTIFIER
control field GE_BSU
008 - FIXED-LENGTH DATA ELEMENTS--GENERAL INFORMATION
fixed length control field 181216s||||||||xx |||||||||||||| ||und||
040 ## - CATALOGING SOURCE
Transcribing agency GE_BSU
080 ## - UNIVERSAL DECIMAL CLASSIFICATION NUMBER
Universal Decimal Classification number 678.042(035.5)
100 ## - MAIN ENTRY--PERSONAL NAME
Personal name Дринберг,С.А. Ицко,Э.Ф.
245 ## - TITLE STATEMENT
Title Растворители для лакокрасочных материалов.
245 ## - TITLE STATEMENT
Remainder of title Справочное пособие.
245 ## - TITLE STATEMENT
Statement of responsibility, etc. Ред. А.Е. Пинчук.
250 ## - EDITION STATEMENT
Edition statement 2-е изд. перераб. и доп.
260 ## - PUBLICATION, DISTRIBUTION, ETC.
Place of publication, distribution, etc. Л.
260 ## - PUBLICATION, DISTRIBUTION, ETC.
Name of publisher, distributor, etc. Химия.
260 ## - PUBLICATION, DISTRIBUTION, ETC.
Date of publication, distribution, etc. 1986.
300 ## - PHYSICAL DESCRIPTION
Extent 208 стр.20 см.с илл.
653 ## - INDEX TERM--UNCONTROLLED
Uncontrolled term Растворители для лакокрасочных материалов.
942 ## - ADDED ENTRY ELEMENTS (KOHA)
Koha item type წიგნი
ეგზემპლარები
Withdrawn status Lost status Damaged status Not for loan Date acquired Barcode Date last seen Price effective from Koha item type Public note
        2018-12-17 9518 2018-12-17 2018-12-17 წიგნი საცავი